Datos sobre Costa Rica

Na minha lista:
Detalhes bibliográficos
Formato: Texto
Publicado em: s.n.t. :
Tags: Adicionar Tag
Sem tags, seja o primeiro a adicionar uma tag!

MARC

LEADER 00000 a a2200000 04500
001 15655
003
040 |a CRAI/IIS  |c CRAI/IIS 
090 |a 015700  
245 |a Datos sobre Costa Rica  
260 |a s.n.t. :  
300 |a 51 p.  
999 |c 3911  |d 3911